书目信息 |
| 题名: |
大学生健康心理学导论
|
|
| 作者: | 刘新民 , 张建英 主编 | |
| 分册: | ||
| 出版信息: | 上海 第二军医大学出版社 2007.08 |
|
| 页数: | 377页 | |
| 开本: | 21cm | |
| 丛书名: | ||
| 单 册: | ||
| 中图分类: | B844.2 | |
| 科图分类: | ||
| 主题词: | 大学生--da xue sheng--心理卫生 | |
| 电子资源: | ||
| ISBN: | 978-7-81060-705-6 | |
| 000 | 00958nam0 2200253 450 | |
| 001 | 012007407312 | |
| 005 | 20071228143415.59 | |
| 010 | @a978-7-81060-705-6@dCNY24.00 | |
| 100 | @a20071228d2007 km y0chiy0120 ea | |
| 101 | 0 | @achi |
| 102 | @aCN@b310000 | |
| 105 | @ay a 000yy | |
| 106 | @ar | |
| 200 | 1 | @a大学生健康心理学导论@Ada xue sheng jian kang xin li xue dao lun@f刘新民, 张建英主编@Fliu xin min,zhang jian ying zhu bian |
| 210 | @a上海@c第二军医大学出版社@d2007.08 | |
| 215 | @a377页@d21cm | |
| 320 | @a有书目 (第376-377页)。 | |
| 330 | @a本书13章,包括绪论、各种因素与心理健康的关系、心理障碍、心理治疗及心理测试等。作者用的通俗易懂的语言对大学生心理问题进行深入剖析,引导积极向上的生活方式和塑造健康的心理素质。 | |
| 606 | 0 | @a大学生@Ada xue sheng@x心理卫生 |
| 690 | @aB844.2@v4 | |
| 701 | 0 | @a刘新民@Aliu xin min@4主编 |
| 701 | 0 | @a张建英@Azhang jian ying@4主编 |
| 801 | 0 | @aCN@bQSSK@c20071228 |
| 905 | @b272969-71@dB844.2@eL694@f3 | |
| 大学生健康心理学导论/刘新民, 张建英主编.-上海:第二军医大学出版社,2007.08 |
| 377页;21cm |
| ISBN 978-7-81060-705-6:CNY24.00 |
| 本书13章,包括绪论、各种因素与心理健康的关系、心理障碍、心理治疗及心理测试等。作者用的通俗易懂的语言对大学生心理问题进行深入剖析,引导积极向上的生活方式和塑造健康的心理素质。 |
| ● |
| 相关链接 |
|
|
|
正题名:大学生健康心理学导论
索取号:B844.2/L694
 
预约/预借
| 序号 | 登录号 | 条形码 | 馆藏地/架位号 | 状态 | 备注 |
| 1 | 272969 | 202729690 | 社科库509/509社科库 38排3列2层/ [索取号:B844.2/L694] | 在馆 | |
| 2 | 272970 | 202729707 | 社科库509/509社科库 38排3列2层/ [索取号:B844.2/L694] | 在馆 | |
| 3 | 272971 | 202729716 | 社科库509/509社科库 38排3列2层/ [索取号:B844.2/L694] | 在馆 |